07646nam a2200313 a 4500001001000000003000900010005001700019007000300036008004100039020001800080040003100098082002700129100003700156245023400193264004900427300002900476336002700505337003300532338002800565505640900593590002807002650003207030650003107062650004807093910004107141942001207182952012107194999001707315000048064DO-SdBPM20250702123943.0ta181112s2017 dr 000 spa d a9789945167863 aDO-SdBPMbspacBPMSU drda 4a174.91bD536e 20172221 aDíaz García, Leonardoeautor10aÉtica y moral :bnecesidad vital, responsabilidad social, desarrollo local y global. Teoría y praxis para el manejo inteligente de dilemas morales personales, profesionales, sociales y de negocios /cLeonardo Díaz García. aSanto Domingo :bRenovación Humana,c2017. a768 páginas ;c24 cm. atextobtxt2rdacontent asin mediaciónbn2rdamedia avolumenbnc2rdacarrier0 aPrefacio, xvii -- Primera parte: Ser humano, moral y ética -- Ser humano, su vinculación con la ética y la moral, 3 -- Objetivos de aprendizaje capítulo 1, 4 -- Preámbulo capítulo 1, 5 -- La moral y la ética son un producto humano para el desarrollo humano, 7 -- El ser humano y cómo guiarse para lograr una filosofía de vida que le permita vivir de la mejor manera que puede vivir, 9 -- Somos una sola raza, 9 -- Somos inteligentes. Somos filósofos, 10 -- Los dilemas y el vivir, 12 -- Preguntas y ejercicios capítulo 1, 17 -- Dilemas capítulo 1, 18 -- Un ejemplo a seguir, 23 -- Ética y moral, 27 -- Objetivos de aprendizaje, 28 -- Ámbitos de la ética y la moral, 30 -- La ética, sus tareas y su método, 39 -- El sermón de Fray Antón Montesino, 40 --Ética: definiciones, 43 -- Tareas de la ética y su relación con otras ciencias, 47 -- Método de la ética, 61 -- Preguntas y ejercicios, 74 -- Un ejemplo a seguir, 74 -- La moral. Normas, valores y principios, 83 -- Preámbulo capítulo 3, 85 -- Nacimiento de la moral. Definiciones de moral, 87 -- Acto moral. Lo individual y lo colectivo en la moral, 93 -- Responsabilidad y obligación moral, 96 --Normas, principios y valores, 99 -- Normas, 99 -- Principios, 99 -- Valoración moral. Los valores y la personalidad, aspectos claves para el desarrollo personal, 115 -- Moralización y socialización, 129 -- Los valores se enseñan, se aprenden, 137 +-Preguntas y ejercicios, 151 -- Dilemas, 152 -- Un ejemplo a seguir, 156 -- Doctrinas éticas, 159 -- Objetivos aprendizaje, 160 -- Preámbulo capitulo 4, 161 -- Introducción, 163 -- Clasificación de las doctrinas éticas, 165 -- Lo fundamental del fundamento de la ética, 173 -- Los sofistas. Sócrates, 175 -- Platón, 182 -- Aristóteles, 198 -- Ética de Epicuro, 206 -- Estoicismo y ética cristiana, 209 -- Ética Kantiana, 224 --La ética comunicativa o discursiva, 230 -- Ética de las virtudes, de la excelencia, 231 --Otros fundamentos de la ética, 238-- Utilitarismo, 238 -- Ética de los derechos, de la justicia y del bienestar, 244 -- Ética del cuidado. Ética feminista, 256 -- Ética marxista, 262 -- Un paradigma que rompe el paradigma ético: el relativismo ético, 266 -- Lo fundamental de la ética hoy. Algunos aspectos críticos, 269 -- Preguntas y ejercicios capítulo 4, 274 -- Dilemas capítulo 4, 274 -- Un ejemplo a seguir, 278 -- Contexto y aplicación -- Contexto, ética y moral, 283 -- Objetivos de aprendizaje capítulo 5, 284 -- Introducción, 287 -- Globalización, neoliberalismo y consumismo, 292 -- Pobreza a nivel global, regional y local, 296 -- Desigualdad a nivel global, regional y local, 304 -- Pobreza y desigualdad: desafío ético, 313 -- Los retos en América Latina y el Caribe (ALC) en lo concerniente a desarrollo, ética y moral, 325 -- Economía, desarrollo económico-humano y ética, 331 -- La Ética que necesita ALC, 336 -- Preguntas y ejercicios capítulo 5, 343 -- Ejemplos a seguir para forjar un mundo más justo, 343 -- Aplicación de la ética y la moral al ejercicio profesional y a los negocios, 355 -- Objetivo de aprendizaje capítulo 6, 356 -- Preámbulo capítulo 6, 357 --Ética aplicada al ejercicio profesional, 359 -- La ética, los directivos, los negocios, 369 -- Ética, administración y negocios, 369 -- La ética en la función directiva, 381 -- Valoración, interés y popularidad de la ética, 381 --La implementación de la ética a las organizaciones, 401 -- Una muestra de casos de buenas prácticas de ética empresarial en pequeñas y medianas empresas europeas, 411 -- El mercado, 414 -- El lugar de trabajo, 419 -- La comunidad, 424 -- El medio ambiente, 430 -- Caso integral. Sanga-Saby (Suecia), 435 -- Preguntas y ejercicios capítulo 6: 439 -- Dilemas morales capítulo 6, 439 -- Aplicación de la ética a la toma de decisiones, 447 -- Objetivos aprendizaje capítulo 7, 448 -- Preámbulo capítulo 7, 449 --Lo cognitivo en el ser humano y la toma de decisiones, 451 -- Métodos éticos de solución de problemas, 462 --Introducción, 462 -- Lo emocional en la toma de decisiones, 470 --Lo racional en la toma de decisiones. Métodos para el análisis de dilemas: Las dos hojas, los lentes éticos, 485 -- Otros métodos para el manejo de dilemas éticos, 498 -- Preguntas y ejercicios capítulo 7, 516 -- Dilemas capítulo 7, 517 -- Un par de ejemplos a imitar, 524 -- Responsabilidad social y los desafíos éticos actuales -- Responsabilidad social, ciudadanía y bien común, 535 -- Objetivos de aprendizaje capítulo 8, 536 -- Preámbulo capítulo 8, 537 -- Introducción, 538 -- Responsabilidad social empresarial, 541 Preámbulo, 541 -- Que es y que no es RSE, 556 -- Orientaciones sobre el rol de la empresa en la sociedad, 562 -- Cuatro teorías de responsabilidad social empresarial (RSE), 578 / La teoría de la actuación social de la empresa, 579 -- La teoría del valor para el accionista, 583 -- La teoría de los grupos implicados o grupos de interés o stakeholder, 586 -- La teoría de la ciudadanía empresarial, 590 -- Cultura organizacional y RSE, 599 -- Un modelo de RSE multidisciplinario, flexible y abierto, 616 -- Descripción del modelo, 615 --Un detalle no exhaustivo de responsabilidades sociales primarias, secundarias y terciarias, con relación a dos grupos de interés: trabajadores y la comunidad, 623 -- Plan de actuación para la aplicación de la RSE, 630-- RSE en ALC: situación actual, tendencias, retos y desafíos, 633 -- Objetivos de aprendizaje capítulo 9, 634 -- Preámbulo capítulo 9, 635 -- Introducción, 636-- ¿Qué está ocurriendo en Latinoamérica en materia de RSE?, 638 -- Aspectos relevantes en materia de RSE para la región (ejemplos de empresas), 649 -- La RSE: algunas comparaciones ALC-Europa, 653 -- Dos ejemplos para imitar, 653 -- Preguntas y ejercicios capítulo 9, 661 -- Ética y responsabilidad social empresarial: el caso de la República Dominicana, 663 -- Objetivos de aprendizaje capítulo 10, 665-- Introducción, 666 -- El ámbito del sector público, 666 -- Revisión autobiográfica del estado de la RSE en algunas empresas radicadas en República Dominicana, 721 -- Ejercicios y tareas capítulo 10, 753 --Referencias bibliográficas, 755 aInventariado, 2025 / VM 7a Ética xAspectos sociale 7aÉtica xAspectos morales 7aPsicología xAspectos morales y éticos  aVMateo V. Control de calidad. BPMSU  2ddccBK 00102ddc708CDaBPMETbBPMETd2025-07-02l0oBPMSU CD 174.91 D536e 2017pBPMSU25070012r2025-07-02w2025-07-02yBK c15245d15245